[Event "Berlin Lichtenberger op 14th"]
[Site "Berlin"]
[Date "2015.08.16"]
[Round "2"]
[White "Winkler, Johannes"]
[Black "Scholta, Danilo"]
[Result "1-0"]
[WhiteElo "1540"]
[BlackElo "1861"]
[PlyCount "89"]
[EventDate "2015.08.15"]
[EventType "swiss"]
[EventRounds "9"]
[EventCountry "GER"]
[SourceTitle "EXT 2016"]
[Source "ChessBase"]
[SourceDate "2015.10.08"]
[SourceVersion "1"]
[SourceVersionDate "2015.10.08"]
[SourceQuality "1"]

1. d4 d5 2. Bf4 e6 3. Nf3 f5 4. e3 Nf6 5. Nbd2 Be7 6. Be2 0-0 7. c3 Ne4 8. h3 Nd7 9. Nxe4 fxe4 10. Ne5 c5 11. 0-0 c4 12. a4 Nxe5 13. Bxe5 Bf6 14. Bh2 Qe8 15. Bh5 Qd8 16. a5 b5 17. axb6 Qxb6 18. Qc2 Bd7 19. Rfb1 Qc6 20. Bg4 Rfc8 21. Ra5 Bd8 22. Rc5 Qa6 23. Rxc8 Rxc8 24. Qd1 Qc6 25. Ra1 a5 26. Be5 a4 27. Qxa4 Qb7 28. Qa6 Qc6 29. Qxc6 Rxc6 30. Ra7 Bc8 31. Rxg7+ Kf8 32. Rxh7 Rb6 33. Rh8+ Ke7 34. Rh7+ Kf8 35. Bh5 Rxb2 36. Rh8+ Ke7 37. Rh7+ Kf8 38. Bd6+ Kg8 39. Rf7 Ba5 40. Rf8+ Kg7 41. Rxc8 Bxc3 42. Be5+ Kh6 43. Rh8+ Kg5 44. h4+ Kxh4 45. Bf6# 1-0